Managing Oracle Fusion applications / (Record no. 58974)

MARC details
000 -LEADER
fixed length control field 03800nam a22003737a 4500
005 - DATE AND TIME OF LATEST TRANSACTION
control field 20111205145853.0
008 - FIXED-LENGTH DATA ELEMENTS--GENERAL INFORMATION
fixed length control field 111205t xxu||||| |||| 00| 0 eng d
010 ## - LCCN (DPL NO)
LC control number ENG-104289
020 ## - INTERNATIONAL STANDARD BOOK NUMBER
International Standard Book Number 9781259001888
Terms of availability 495.00
020 ## - INTERNATIONAL STANDARD BOOK NUMBER
International Standard Book Number 1259001881
Terms of availability 495.00
035 ## - SYSTEM CONTROL NUMBER
System control number EN -87822
037 ## - SOURCE OF ACQUISITION
Source of stock number/acquisition DBAD/PUB
040 ## - CATALOGING SOURCE
Original cataloging agency DPL
Language of cataloging Eng
082 ## - DEWEY DECIMAL CLASSIFICATION NUMBER
Classification number 004.654
100 ## - MAIN ENTRY--PERSONAL NAME
9 (RLIN) 36352
Personal name Bingham, Richard
245 ## - TITLE STATEMENT
Title Managing Oracle Fusion applications /
Statement of responsibility, etc by Richard Bingham
260 ## - PUBLICATION, DISTRIBUTION, ETC. (IMPRINT)
Place of publication, distribution, etc New Delhi
Name of publisher, distributor, etc Tata McGraw Hill
Date of publication, distribution, etc 2011
270 ## - ADDRESS
Address 7 West Patel Nagar
City New Delhi
Postal code 110008
300 ## - PHYSICAL DESCRIPTION
Extent xxv,322p :
Dimensions 24cm(pbk)
Other physical details ill.
500 ## - GENERAL NOTE
General note Includes index
505 ## - FORMATTED CONTENTS NOTE
Formatted contents note Machine generated contents note: Chapter 1: A Fusion Applications Product Overview -- Chapter 2: A Fusion Applications Technical Overview -- Chapter 3: Successful Enterprise Application Management -- Chapter 4: The Fusion Applications Lifecycle -- Chapter 5: The Fusion Applications Management Toolbox -- Chapter 6: The Reliability Management Toolbox -- Chapter 7: The Availability Management Toolbox -- Chapter 8: The Performance Management Toolbox -- Chapter 9: The Optimization Management Toolbox -- Chapter 10: The Governance Management Toolbox -- Chapter 11: Getting and Staying Healthy -- Chapter 12: Planning for the Future -- Appendix: Further Reading.
520 ## - SUMMARY, ETC.
Summary, etc "From Oracle Press--expert techniques for effectively managing Oracle Fusion ApplicationsManaging Oracle Fusion Applications explains how to use a comprehensive range of tools, services, and worked best practices, organized into an easy-to-use and practical toolbox, to manage Oracle Fusion Applications--the integrated suite of next-generation enterprise applications that combine the best capabilities from Oracle’s extensive product portfolio. Written by a member of the Oracle team designing the support strategy for Oracle Fusion Applications, this is the first and only book on the topic. Effective system management increases application up-time, improves performance, and lowers the total cost of ownership. This Oracle Press guide demonstrates how to achieve these goals.Complete coverage of Oracle Fusion Applications management: Oracle Fusion Applications Product Overview; Oracle Fusion Applications Technical Overview; Successful Enterprise Application Management; Oracle Fusion Applications Lifecycle; Oracle Fusion Applications Management Toolbox; Reliability Management Toolbox; Availability Management Toolbox; Performance Management Toolbox; Optimization Management Toolbox; Governance Management Toolbox; Planning for the Future"-- |c Provided by publisher.
520 ## - SUMMARY, ETC.
Summary, etc "The book provides four main benefits to the reader. It provides background information about Fusion Applications, which is useful whether you are creating an implementation plan, looking at future uptake, or simply improving your knowledge. Second, it forms a practical reference guide for those running Fusion Applications. Third, it complements the existing documentation and training material, all in the context of application management, and lastly, it helps you understand the need for and content of a high quality Fusion Applications management strategy and plan"-- |c Provided by publisher.
600 ## - SUBJECT ADDED ENTRY--PERSONAL NAME
9 (RLIN) 36476
610 ## - SUBJECT ADDED ENTRY--CORPORATE NAME
9 (RLIN) 36477
630 ## - SUBJECT ADDED ENTRY--UNIFORM TITLE
Uniform title Oracle Fusion applications.
650 ## - SUBJECT ADDED ENTRY--TOPICAL TERM
9 (RLIN) 36353
Topical term or geographic name as entry element Database management.
650 ## - SUBJECT ADDED ENTRY--TOPICAL TERM
9 (RLIN) 36481
Topical term or geographic name as entry element Software engineering
General subdivision Management.
650 ## - SUBJECT ADDED ENTRY--TOPICAL TERM
Topical term or geographic name as entry element Service-oriented architecture (Computer science)
9 (RLIN) 36961
650 ## - SUBJECT ADDED ENTRY--TOPICAL TERM
Topical term or geographic name as entry element Electronic commerce
General subdivision Computer programs.
9 (RLIN) 36962
700 ## - ADDED ENTRY--PERSONAL NAME
9 (RLIN) 36394
942 ## - ADDED ENTRY ELEMENTS (KOHA)
Source of classification or shelving scheme Dewey Decimal Classification
Item type English Books
Call number suffix BIN
Classification part 004.654
Holdings
Withdrawn status Lost status Source of classification or shelving scheme Damaged status Not for loan Collection code Home library Current library Date acquired Source of acquisition Cost, normal purchase price Total Checkouts Full call number Barcode Date last seen Copy number Cost, replacement price Koha item type
    Dewey Decimal Classification   Not For Loan Non-fiction D.B.Act.Division D.B.Act.Division 05/12/2011 DBAD/PUB 495.00   004.654 BIN EN -87822 05/12/2011 1 495.00 English Books

© Delhi Public Library
Hit Counter
free hit counter